000 00695nam a2200289Ia 4500
005 20260324120458.0
008 008 260324s9999 xx 000 0 eng d
020 _a9781315582269
037 _aEBOOK
040 _aCRL
040 _beng
040 _cCRL
041 _2eng
041 _aeng
084 _qCRL
100 _aMariano Longo
_91158732
245 0 _aFiction and Social Reality
245 0 _bLiterature and Narrative as Sociological Resources
260 _bTaylor and Francis
260 _c2015
365 _a
365 _b230
856 _uhttp://www.taylorfrancis.com/books/9781315582269
942 _cEBOOK
999 _c1750286
_d1750286